| 000 | 01060nam a2200289 i 4500 | ||
|---|---|---|---|
| 001 | 185012 | ||
| 003 | SpMaBN | ||
| 005 | 20250913172327.0 | ||
| 008 | 160304s2002 sp f |||| |dspa d | ||
| 020 | _a84-9716-044-4 | ||
| 080 | _a592/599:29 | ||
| 100 | 1 |
_aDe Gubernatis, Angelo. _943054 |
|
| 245 | 1 | 0 |
_aMitología zoológica _b: las leyendas animales. _nTercera parte, _pLos animales del agua / _cAngelo de Gubernatis ; traducción de Esteve Serra. |
| 246 | 3 | 0 |
_aMitología zoológica. _nIII, _pLos animales del agua |
| 260 |
_aPalma de Mallorca : _bJosé J. de Olañeta, Editor, _c[2002] |
||
| 300 |
_a91 p., [16] p. de lám. ; _c21 cm. |
||
| 490 | 1 | _aAlejandría | |
| 504 | _aBibliografía: p. 9-10. | ||
| 650 | 7 |
_aAnimales- _xMitología. _9158974 |
|
| 650 | 7 |
_aAnimales fabulosos _2embne _9174357 |
|
| 650 | 4 |
_aPeces. _9146663 |
|
| 700 | 1 |
_aSerra Arús, Esteve _9160366 |
|
| 740 | 4 | 2 | _aLos animales del agua. |
| 830 | 0 |
_aAlejandría _9182646 |
|
| 852 |
_aES-MaACL _jL-30246 _z. - Donat. Miguel A. Velasco |
||
| 999 |
_c185012 _d185012 |
||